000
00309nam a2200133Ia 4500
008
150201s2010 xx 000 0 und d
082
_a
616.01
_b
S10W
100
_a
WHO
245
_a
SAFETY IN HEALTH CARE LABORATORY
250
_a
1ST
260
_b
AITBS
_a
DELHI
_c
2010
650
_a
PATHOLOGY
942
_2
ddc
_c
BK
999
_c
1159
_d
1159